Վիլ-Էվրար ։ (Record no. 405145)
[ view plain ]
| 000 -LEADER | |
|---|---|
| fixed length control field | 01009nam a2200253 a 4500 |
| 003 - CONTROL NUMBER IDENTIFIER | |
| control field | AM-YeHGA |
| 005 - DATE AND TIME OF LATEST TRANSACTION | |
| control field | 20250618074846.0 |
| 008 - FIXED-LENGTH DATA ELEMENTS--GENERAL INFORMATION | |
| fixed length control field | 180330s2018 ai |||||r|||||00||d|arm|| |
| 020 ## - INTERNATIONAL STANDARD BOOK NUMBER | |
| International Standard Book Number | 9789939661858 |
| 040 ## - CATALOGING SOURCE | |
| Original cataloging agency | AM-YeHGA |
| 041 1# - LANGUAGE CODE | |
| Language code of text/sound track or separate title | arm |
| Language code of original | rus |
| 090 ## - LOCALLY ASSIGNED LC-TYPE CALL NUMBER (OCLC); LOCAL CALL NUMBER (RLIN) | |
| -- | 407389 |
| 100 1# - MAIN ENTRY--PERSONAL NAME | |
| Personal name | Արեն, Մարկ |
| 245 10 - TITLE STATEMENT | |
| Title | Վիլ-Էվրար ։ |
| Remainder of title | Մարկ Արենի պատմությունը = Ville-Evrar / |
| Statement of responsibility, etc. | Ա․ Մարկ ; Ռուս․ թարգմ․՝Հ․ Այվազյան ; Խմբ․ և սրբ․՝ Տ․ Նազարեթյան․ |
| 246 11 - VARYING FORM OF TITLE | |
| Title proper/short title | Ville-Evrar |
| 260 ## - PUBLICATION, DISTRIBUTION, ETC. | |
| Place of publication, distribution, etc. | Երևան ։ |
| Name of publisher, distributor, etc. | Բուկինիստ, |
| Date of publication, distribution, etc. | 2018․ |
| 300 ## - PHYSICAL DESCRIPTION | |
| Extent | 157 էջ ; |
| Dimensions | 19 սմ․ |
| 490 1# - SERIES STATEMENT | |
| Series statement | Armenia Futura հավաքածո ; |
| Volume/sequential designation | Գիրք 1 |
| 650 14 - SUBJECT ADDED ENTRY--TOPICAL TERM | |
| Topical term or geographic name entry element | Հայ դրամատուրգիա |
| 700 1# - ADDED ENTRY--PERSONAL NAME | |
| Personal name | Այվազյան, Հովհաննես |
| Relator term | թարգմ․ |
| Relationship | trl |
| 9 (RLIN) | 3088 |
| 700 1# - ADDED ENTRY--PERSONAL NAME | |
| Personal name | Նազարեթյան, Տիրուհի |
| Relator term | խմբ․ |
| Relationship | edt |
| Relator term | սրբ․ |
| Relationship | crr |
| 830 #0 - SERIES ADDED ENTRY--UNIFORM TITLE | |
| Uniform title | Armenia Futura հավաքածո ; |
| Volume/sequential designation | Գիրք 1 |
| 942 ## - ADDED ENTRY ELEMENTS (KOHA) | |
| Source of classification or shelving scheme | Universal Decimal Classification |
| Koha item type | Գրքեր / Books |
| Withdrawn status | Lost status | Source of classification or shelving scheme | Damaged status | Not for loan | Collection | Home library | Current library | Date acquired | Total checkouts | Full call number | Barcode | Date last seen | Price effective from | Koha item type | Public note |
|---|---|---|---|---|---|---|---|---|---|---|---|---|---|---|---|
| Universal Decimal Classification | General | Fundamental Scientific Library | Fundamental Scientific Library | 22/05/2018 | AII/103544 | FL0499468 | 22/05/2018 | 22/05/2018 | Գրքեր / Books | 30 Days Loan |
ՀՀ Գիտությունների ազգային ակադեմիայի հիմնարար գիտական գրադարան = Fundamental Scientific Library of NAS RA
All site content, except where otherwise noted, is licensed under a